Zbojnícka mladosť /

Hlavní autor: Ondrejov, Ľudo, 1901-1962
Další autoři: Kellenberger, Ľubomír, 1921-1971
Jazyk: Slovenština
Vydáno: Bratislava : Mladé letá, 1957
Vydání: 2. vyd.
Edice: Školská knižnica. Čítanie pre 8. ročník
Témata:
Fyzický popis: 144 s., příl. ; 8°
Knihy
Uloženo v:
LEADER 01253nam a22003372a 4500
001 001460277
003 CZ BrMZK
005 20181205132421.0
007 ta
008 150309s1957 xo cr|||||||||f|slo d
040 |a ABA001  |b cze  |c ABA001  |d ABA001  |d BOA001 
072 7 |a 821.162.4  |x Slovenská literatura  |2 Konspekt  |9 25 
072 7 |a 821-93  |x Literatura pro děti a mládež (beletrie)  |2 Konspekt  |9 26 
080 |a 821.162.4-31  |2 MRF 
080 |a 821-93  |2 MRF 
080 |a (0:82-31)  |2 MRF 
100 1 |a Ondrejov, Ľudo,  |d 1901-1962  |7 jn19990006262  |4 aut 
245 1 0 |a Zbojnícka mladosť /  |c Ľudo Ondrejov ; ilustroval Ľubomír Kellenberger 
250 |a 2. vyd. 
260 |a Bratislava :  |b Mladé letá,  |c 1957 
300 |a 144 s., příl. ;  |c 8° 
490 1 |a Školská knižnica. Čítanie pre 8. ročník 
500 |a 10.400 výtl. 
655 7 |a slovenské romány  |7 fd133450  |2 czenas 
655 7 |a publikace pro děti  |7 fd133156  |2 czenas 
700 1 |a Kellenberger, Ľubomír,  |d 1921-1971  |7 kup20020000047504  |4 ill 
830 0 |a Školská knižnica.  |p Čítanie pre 8. ročník 
910 |a BOA001  |b 2-0317.150-57 
990 |a BK 
991 |b 201503 
996 7 |b 2618814951  |c 2-0317.150-57  |l MZK  |r Sklad / do 24 hodin  |n 0  |w 001495365  |u 000010  |a 1  |e BOA001  |j MZK50  |s A